Petrus Paulus Rubens /

Gespeichert in:
Bibliographische Detailangaben
1. Verfasser: Krsek, Ivo (Verfasst von)
Format: Buch
Sprache:Tschechisch
Veröffentlicht: Praha : Odeon, 1990
Ausgabe:1. vydanie
Schlagworte:
Tags: Tag hinzufügen
Keine Tags, Fügen Sie das erste Tag hinzu!

MARC

LEADER 00000nam a22000003a 4500
001 0064967
003 SK-STU
005 20190327112533.1
007 ta
008 180511s ----xo-----e------000-0-----d
020 |a 80-207-0130-3 
040 |a STU  |b slo 
041 0 |a cze 
044 |a xr 
100 1 |a Krsek, Ivo  |4 aut 
245 1 0 |a Petrus Paulus Rubens /  |c aut. Ivo Krsek 
250 |a 1. vydanie 
260 |a Praha :  |b Odeon,  |c 1990 
300 |a 112 s. 
650 0 7 |a výtvarníci zahraniční 
650 0 7 |a maľba 
650 0 7 |a umelecké dielo 
650 0 7 |a život a dielo 
650 0 7 |a barokové umenie 
996 |b 284AU07430  |c A* 10680/U  |l AAKNAR  |s A  |a 24  |w 0064967_0001